|
|
|
|
| LEADER |
01051nam a2200265 a 4500 |
| 001 |
4279092 |
| 008 |
090908s1987 nyua b 000 0 eng d |
| 010 |
|
|
|a 85027293
|
| 020 |
|
|
|a 0060408685
|
| 040 |
|
|
|a DLC
|c DLC
|d DLC
|
| 082 |
0 |
0 |
|a 371.3/9445
|2 19
|
| 100 |
1 |
|
|a Bork, Alfred M.
|
| 245 |
1 |
0 |
|a Learning with personal computers /
|c Alfred Bork.
|
| 260 |
|
|
|a New York :
|b Harper & Row,
|c c1987.
|
| 300 |
|
|
|a ix, 238 p. :
|b ill. ;
|c 25 cm.
|
| 490 |
0 |
|
|a Harper & Row computer science and technology series
|
| 504 |
|
|
|a Includes bibliographical references.
|
| 541 |
1 |
|
|e 00005115
|
| 650 |
|
0 |
|a Computer-assisted instruction.
|
| 650 |
|
0 |
|a Education
|x Data processing.
|
| 650 |
|
0 |
|a Physics
|x Computer-assisted instruction.
|
| 650 |
|
0 |
|a Mathematics
|x Computer-assisted instruction.
|
| 852 |
4 |
|
|a Ayesha Abed Library
|j General shelf
|
| 999 |
|
|
|c 3948
|d 3948
|
| 952 |
|
|
|0 0
|1 0
|2 ddc
|4 0
|6 371_394450000000000_BOR_1987
|7 0
|9 3633
|a BRACUL
|b BRACUL
|c GEN
|d 2009-09-16
|g 0.00
|l 0
|o 371.39445 BOR
|p 3010005115
|r 2009-09-16
|t 1
|w 2009-09-16
|y BK
|x No price found in the accession register.
|